Erben: Kytice /
Z komentáře V.Justla k původnímu LP albu 1218 0721 "Karel Jaromír Erben Kytice" vydanému Supraphonem v roce 1984 a nyní vycházejícímu poprvé digitálně: ...Většina básní Kytice z pověstí národních čerpala z české lidové tradice jako součásti lidového písemnictví slovanského (ale nejen jeho)...
Uloženo v:
| Hlavní autor: | |
|---|---|
| Další autoři: | , , , , , , , |
| Médium: | E-audiokniha |
| Vydáno: |
Praha :
Supraphon a.s.,
2019
|
| Tagy: |
Žádné tagy |
| LEADER | 04907nim a22004697i 4500 | ||
|---|---|---|---|
| 001 | 313298 | ||
| 007 | sr nunnnnnnned | ||
| 024 | |a 099925110123 | ||
| 044 | |a xr | ||
| 100 | 1 | |a Erben, Karel Jaromír |4 aut | |
| 245 | 1 | 0 | |a Erben: Kytice / |c Erben, Karel Jaromír |
| 264 | 1 | |a Praha : |b Supraphon a.s., |c 2019 | |
| 300 | |a 1 online zdroj (2 hod., 29 min., 41 sek.) | ||
| 336 | |a mluvené slovo |b spw |2 rdacontent | ||
| 337 | |a audio |b s |2 rdamedia | ||
| 338 | |a online zdroj |b cr |2 rdacarrier | ||
| 505 | 0 | 0 | |t Mateřídouška (1 min., 53 sek.) |
| 505 | 0 | 0 | |t Poklad (27 min., 7 sek.) |
| 505 | 0 | 0 | |t Polednice (2 min., 51 sek.) |
| 505 | 0 | 0 | |t Vrba (6 min., 44 sek.) |
| 505 | 0 | 0 | |t Svatební košile (16 min., 10 sek.) |
| 505 | 0 | 0 | |t Dceřina kletba (3 min., 20 sek.) |
| 505 | 0 | 0 | |t Zlatý kolovrat (17 min., 18 sek.) |
| 505 | 0 | 0 | |t Lilie (6 min., 24 sek.) |
| 505 | 0 | 0 | |t Záhořovo lože (29 min., 53 sek.) |
| 505 | 0 | 0 | |t Štědrý den (9 min., 24 sek.) |
| 505 | 0 | 0 | |t Holoubek (4 min., 35 sek.) |
| 505 | 0 | 0 | |t Vodník (14 min., 11 sek.) |
| 505 | 0 | 0 | |t Věštkyně (9 min., 56 sek.) |
| 520 | 2 | |a Z komentáře V.Justla k původnímu LP albu 1218 0721 "Karel Jaromír Erben Kytice" vydanému Supraphonem v roce 1984 a nyní vycházejícímu poprvé digitálně: ...Většina básní Kytice z pověstí národních čerpala z české lidové tradice jako součásti lidového písemnictví slovanského (ale nejen jeho). Z pověstí a báchorek se v Erbenově zpracování staly balady (výjimku tvoří Poklad a Záhořovo lože, leč i ty mají baladické rysy), a to i z látek tak ryze pohádkových, jako je Zlatý kolovrat (umělecky jedna z nejcennějších balad, formálně velmi umně vystavěná) nebo Vodník, v němž pohádková postava neškodného zeleného mužíčka se promění v démona, který perzonifikuje záludnost přírodního živlu. Erben se Kyticí z pověstí národních stal výsostným básníkem symbolu a mýtu... Jde o dvě skupiny recitátorů: jedni natočili Erbenovy básně v prosinci 1961, druzí v září 1983. Původně mělo jít pouze o historické snímky, při poslechu pásků z r. 1961 se však ukázalo, že z různých důvodů jsou některé snímky nepoužitelné...Ze starých nahrávek jsme převzali Kytici a Vodníka (Zdeněk Štěpánek), Vrbu, Zlatý kolovrat, Holoubka (Václav Voska), Dceřinu kletbu a Štědrý den (Vlasta Fabianová), Lilii (Marie Vášová) a Věštkyni (Julie Charvátová); tyto Úlomky, jak zní podtitul básně, jsme museli z časových důvodů zkrátit o pátou část.... Nově jsme natočili Poklad (Antonie Hegerlíková), Polednici a Svatební košili (Ota Sklenčka), Záhořovo lože (Miroslav Doležal)...Naše uspořádání bylo pochopitelně odvislé od délky jednotlivých básní - nebylo proto možné dodržet důsledně v podstatě chronologický sled Erbenův. Snažili jsme se dát k sobě básně blízké motivicky nebo stylově, nebo ty, které mohou vedle sebe stát v jistém napětí; Kytici jsme ovšem ponechali jako prolog, Věštkyni jako epilog. Zároveň jsme přihlíželi k tomu, aby se týž interpret neobjevil na jedné straně desky dvakrát a aby střídání mužských a ženských hlasů mělo stavebnou logiku. Přestože jde o snímky ze dvou časových období, mezi nimiž leží dvaadvacet let, soudíme, že toto spojení není rušivé. Je to dáno jednak žánrem a charakterotvornými rysy Erbenových balad (do jisté míry určují interpretační přístup), jednak vahou osobnosti jednotlivých přednašečů...Dramaturgicky se vřazuje tento dvoudeskový komplet Kytice z pověstí národních do systematické řady supraphonských snímků, která přináší základní díla našeho staršího (ale i nejstaršího) písemnictví. Jde o tyto tituly: Tisíc let české poezie I - III. 1975, Čtveročasí básnictví českého (I. 2982, II. 1983), Babička Boženy Němcové (R.Nasková, V.Fabianová;historický archiv, 1984), Povídky malostranské Jana Nerudy (Z.Štěpánek; historický archiv, 1984), Slovo a hlas (poezie 19. a 20. stol., 1980). V roce 1986, kdy uplyne 150 let od vydání Máchova Máje a od básníkova úmrtí, k nim přistoupí Máj v podání Rudolfa Hrušínského. | |
| 700 | 1 | |a Charvátová, Julie |4 nrt | |
| 700 | 1 | |a Štěpánek, Zdeněk |4 nrt | |
| 700 | 1 | |a Vášová, Marie |4 nrt | |
| 700 | 1 | |a Doležal, Miroslav |4 nrt | |
| 700 | 1 | |a Voska, Václav |4 nrt | |
| 700 | 1 | |a Sklenčka, Ota |4 nrt | |
| 700 | 1 | |a Fabiánová, Vlasta |4 nrt | |
| 700 | 1 | |a Hegerlíková, Antonie |4 nrt | |
| 910 | |a RBIT002 | ||
| 998 | |d 402593 |a https://core.palmknihy.cz/api/books/402593/cover?sbs504 |b https://core.palmknihy.cz/api/books/402593/cover/400?sbs504 |c https://core.palmknihy.cz/api/books/402593/cover/50?sbs504 |e 2099-01-01 |i 099925110123 |l 8981 |q 49 |r 1 |s https://www.palmknihy.cz/kniha/402593 |t audiobook |y 2019 |z 1 | ||
| 999 | |d 313296 | ||